edl Word Clues Book M / (Record no. 185774)

000 -LEADER
fixed length control field 00475 a2200169 4500
003 - CONTROL NUMBER IDENTIFIER
control field NUST
005 - DATE AND TIME OF LATEST TRANSACTION
control field 20230102134827.0
040 ## - CATALOGING SOURCE
Transcribing agency Nust
082 ## - DEWEY DECIMAL CLASSIFICATION NUMBER
Classification number 370,TAY
100 ## - MAIN ENTRY--PERSONAL NAME
Personal name Taylor, Stanford E.
9 (RLIN) 106641
245 ## - TITLE STATEMENT
Title edl Word Clues Book M /
Statement of responsibility, etc. Stanford E. Taylor, Helen Frackenpohl and Nancy Joline
260 ## - PUBLICATION, DISTRIBUTION, ETC.
Place of publication, distribution, etc. New York
Name of publisher, distributor, etc. Educational labortiers
Date of publication, distribution, etc. 1962
300 ## - PHYSICAL DESCRIPTION
Extent Variou pages
505 ## - FORMATTED CONTENTS NOTE
Formatted contents note Contents not Availble
650 ## - SUBJECT ADDED ENTRY--TOPICAL TERM
Topical term or geographic name entry element Book L
9 (RLIN) 106642
942 ## - ADDED ENTRY ELEMENTS (KOHA)
Source of classification or shelving scheme
Koha item type Book
Call number prefix 370,TAY
Holdings
Withdrawn status Lost status Source of classification or shelving scheme Damaged status Not for loan Permanent Location Current Location Shelving location Date acquired Full call number Barcode Date last seen Price effective from Koha item type Public note
          Military College of Signals (MCS) Military College of Signals (MCS) General Stacks 12/12/2016 370,TAY MCS20627 12/08/2016 12/12/2016 Book Almirah No.74, Shelf No.3
          Military College of Signals (MCS) Military College of Signals (MCS) General Stacks 12/12/2016 370,TAY MCS20633 12/08/2016 12/12/2016 Book Almirah No.74, Shelf No.3
          Military College of Signals (MCS) Military College of Signals (MCS) General Stacks 12/12/2016 370,TAY MCS20634 12/08/2016 12/12/2016 Book Almirah No.74, Shelf No.3
          Military College of Signals (MCS) Military College of Signals (MCS) General Stacks 12/12/2016 370,TAY MCS20635 12/08/2016 12/12/2016 Book Almirah No.74, Shelf No.3
          Military College of Signals (MCS) Military College of Signals (MCS) General Stacks 12/12/2016 370,TAY MCS27920 12/08/2016 12/12/2016 Book Almirah No.54, Shelf No.1
© 2023 Central Library, National University of Sciences and Technology. All Rights Reserved.